000
00294nam a2200133Ia 4500
008
231129s1962||||xx |||||||||||||| ||spa||
040
_b
spa
082
_a
F843 C371c
100
_a
Cau Jean
245
0
_a
La compasion divina
260
_c
1962
264
_a
Joaquin Mortiz
942
_2
ddc
_c
BKS
999
_c
16690
_d
16690